00930nam a2200229 i 450000100060000000300090000600500170001500700030003200800410003508000110007610000240008724501830011125000180029426000500031230000510036250000830041350501020049665100280059870000220062670000290064885200230067798498ES-MaACL20230906182310.0t|050923m19131919sp ||||1| spa d a914.601 aRocafort, Ceferino.10aEspaña regional / cdescripción por Ceferino Rocafort y Casimiro Dalmau ; cartas corográficas por el comandante de ingenieros Benito Chías y Carbó y otros facultativos. a2ª ed. corr. aBarcelona : bAlberto Martín, c[1913-1919] a4 v. : bil., map. col., plan. col. ; c39 cm. aFecha tomada de Palau, 271677. El epílogo del vol. 2 está fechado en 1918.8 aContiene: v. 1: Texto, primera parte -- v. 2: Texto, segunda parte -- v. 3: Planos -- v. 4: Mapas 4aEspaña-xGeografía.1 aDalmau, Casimiro.1 aChias y Carbó, Benito. aES-MaACLjR-3295-8